Most Populous Russian Cities as a Percent of Their Federal Subject - Statistics

General Stats
  • This quiz has been taken 30 times
  • The average score is 13 of 29
Answer Stats
% Federal Subject City % Correct
40.5 Murmansk Murmansk
92%
41.6 Krasnoyarsk Krasnoyarsk
63%
60.6 Omsk Omsk
63%
40.8 Perm Perm
63%
56.5 Kamchatka Petropavlovsk-Kamchatsky
63%
41.1 Volgograd Volgograd
63%
44.7 Buryatia Ulan-Ude
54%
45.8 Voronezh Voronezh
54%
66.7 Magadan Magadan
50%
49.5 Astrakhan Astrakhan
46%
42.9 Udmurtia Izhevsk
46%
44.1 Karelia Petrozavodsk
46%
52.4 Tomsk Tomsk
46%
47.8 Khabarovsk Khabarovsk
42%
40.6 Kirov Kirov
42%
40.7 Kursk Kursk
42%
40.2 Mordovia Saransk
42%
51.6 Ulyanovsk Ulyanovsk
42%
41.5 Mari El Yoshkar-Ola
42%
46.6 Jewish Birobidzhan
38%
41.9 Chuvash Republic Cheboksary
38%
56.5 Nenets Naryan-Mar
38%
47.9 Ryazan Ryazan
38%
47.6 Kaliningrad Kaliningrad
33%
40.0 Kurgan Kurgan
25%
43.4 Lipetsk Lipetsk
25%
42.5 Oryol Oryol
21%
47.7 Yaroslavl Yaroslavl
21%
46.0 Kostroma Kostroma
13%
No matching quizzes found
Score Distribution
Percent of People with Each Score
Percentile by Number Answered
Your Score History
You have not taken this quiz